Skład reprezentacji Polski na Mistrzostwach Europy 2008 - Statystyki

Ogólne statystyki
  • Ten quiz został rozwiązany 54 razy
  • Średni wynik to 16 z 23
Statystyki odpowiedzi
Nazwisko % Poprawnych
Artur Boruc
98%
Mariusz Lewandowski
98%
Łukasz Fabiański
96%
Euzebiusz Smolarek
93%
Jacek Krzynówek
89%
Marcin Wasilewski
87%
Jacek Bąk
85%
Michał Żewłakow
85%
Maciej Żurawski
74%
Mariusz Jop
74%
Łukasz Piszczek
70%
Rafał Murawski
67%
Roger Guerreiro
65%
Dariusz Dudka
61%
Jakub Wawrzyniak
59%
Łukasz Garguła
59%
Marek Saganowski
59%
Paweł Golański
57%
Michał Pazdan
54%
Wojciech Kowalewski
54%
Tomasz Zahorski
43%
Wojciech Łobodziński
39%
Adam Kokoszka
24%
Nie znaleziono quizów pasujących do podanych kryteriów
Rozkład punktacji
Procent ludzi z każdym wynikiem
Percentyl według liczby udzielonych odpowiedzi
Twoja historia wyników
Nie rozwiązałeś tego quizu